000 00644nam a2200217Ia 4500
003 OSt
005 20241008101043.0
008 210329s9999||||xx |||||||||||||| ||und||
020 _a8176381608
040 _cSTCPL
041 _aMAL
082 _aM8
_bRAJ-K
100 _aRajagopalan, V
_qവി രാജഗോപാലൻ
245 0 _aKerala matrukakkappuram /
_cby V Rajagopalan
_hകേരള മാതൃകയ്ക്കപ്പുറം
260 _aThiruvananthapuram :
_bState Institute of Languages ,
_c2000 .
300 _a144 p.
_bPB
650 _aHistory
650 _aMalayalam literature
942 _cBK
942 _2ddc
999 _c65815
_d65815